[Event "Kouty nad Desnou op-A"]
[Site "Kouty nad Desnou"]
[Date "2024.03.16"]
[Round "9"]
[White "Brozova, Renata"]
[Black "Vondra, Filip"]
[Result "0-1"]
[WhiteElo "1806"]
[BlackElo "1596"]
[PlyCount "118"]
[EventDate "2024.03.09"]
[EventType "swiss"]
[EventRounds "9"]
[EventCountry "CZE"]
[SourceTitle "CB13_2024"]
[SourceDate "2024.03.27"]
[SourceVersion "1"]
[SourceVersionDate "2024.03.27"]
[SourceQuality "1"]

1. e4 d5 2. exd5 Qxd5 3. Nc3 Qd6 4. Nf3 Nf6 5. h3 Bf5 6. Bc4 e6 7. d3 c6 8. Qe2 Nbd7 9. a4 Qc7 10. 0-0 h6 11. Re1 Bd6 12. Nd4 0-0-0 13. Nxf5 exf5 14. Bxf7 g5 15. Bh5 Ne5 16. d4 Nf7 17. Bxf7 Qxf7 18. Qe6+ Qxe6 19. Rxe6 Rhe8 20. Rxe8 Rxe8 21. Bd2 Ne4 22. Re1 Kd7 23. Nxe4 fxe4 24. g3 Bc7 25. c4 Bb6 26. Be3 Rf8 27. d5 Ba5 28. Rd1 a6 29. dxc6+ Kxc6 30. c5 Bc7 31. Rd4 Re8 32. b4 b5 33. a5 Re6 34. Kg2 Re8 35. h4 gxh4 36. g4 Re6 37. Kh3 Bb8 38. Kxh4 Be5 39. Rd1 Bc3 40. Bd2 Bd4 41. Be1 Be5 42. g5 Bf4 43. gxh6 Rxh6+ 44. Kg4 Rf6 45. f3 e3 46. Bg3 e2 47. Re1 Bd2 48. Rxe2 Bxb4 49. Bd6 Bxc5 50. Bxc5 Kxc5 51. f4 b4 52. Kg5 Rf8 53. f5 b3 54. Re6 Rb8 55. Re1 b2 56. Rb1 Kc4 57. Kg6 Kc3 58. f6 Kc2 59. Rxb2+ Kxb2 0-1

[Event "CZE/SVK-chT (Women)"]
[Site "Ruzomberok"]
[Date "2018.09.13"]
[Round "4"]
[White "Sevcikova, Lucia"]
[Black "Brozova, Renata"]
[Result "1-0"]
[WhiteElo "1758"]
[BlackElo "1683"]
[PlyCount "137"]
[EventDate "2018.09.10"]
[EventType "team-tourn"]
[EventRounds "5"]
[EventCountry "SVK"]
[SourceTitle "CBM 186 Extra"]
[Source "ChessBase"]
[SourceDate "2018.08.24"]
[SourceVersion "1"]
[SourceVersionDate "2018.08.24"]
[SourceQuality "1"]
[WhiteTeam "Zilina Region CF (W)"]
[BlackTeam "Svetla nad Sazavou (W)"]
[WhiteTeamCountry "SVK"]
[BlackTeamCountry "CZE"]

1. Nf3 Nf6 2. d4 g6 3. c4 Bg7 4. Nc3 d6 5. e4 0-0 6. Be2 Nbd7 7. 0-0 e5 8. dxe5 dxe5 9. Qc2 c6 10. Rd1 Qc7 11. h3 b6 12. Be3 Bb7 13. Rd2 Rfe8 14. Rad1 Rac8 15. a3 a6 16. a4 Bf8 17. Bg5 Bb4 18. Rd3 Bxc3 19. Rxc3 Kg7 20. Nh2 c5 21. f3 Re6 22. Rcd3 Bc6 23. b3 h6 24. Be3 g5 25. g3 Nh5 26. Kg2 Rg6 27. Qd2 Ndf6 28. Ng4 Nxg4 29. hxg4 Nf6 30. Rd6 Qb7 31. Qc3 Re8 32. Bd3 Qc7 33. Bc2 Nd7 34. Qd2 Rxd6 35. Qxd6 Qb7 36. Rh1 Re6 37. Qd2 Nf6 38. Rd1 Nd7 39. Qd3 Rg6 40. Rh1 Nf6 41. Rd1 Nd7 42. Qc3 Qc7 43. Qd3 Re6 44. Qd2 Qb7 45. a5 bxa5 46. Qxa5 Qb4 47. Bd2 Qb7 48. Ra1 Qb8 49. Be3 Rd6 50. Kf1 Rf6 51. Ke2 Qb4 52. Qxb4 cxb4 53. Rxa6 Bxe4 54. Rxf6 Bxc2 55. Rd6 Nf6 56. Rb6 e4 57. Bd4 exf3+ 58. Kxf3 Bxb3 59. Bxf6+ Kh7 60. Rxb4 Bd1+ 61. Kf2 Bxg4 62. c5 Be6 63. c6 Kg6 64. Be7 f5 65. c7 Kf7 66. Bd6 f4 67. gxf4 gxf4 68. Bxf4 Ke7 69. Rb8 1-0

[Event "Kouty nad Desnou op-B"]
[Site "Kouty nad Desnou"]
[Date "2017.03.13"]
[Round "3"]
[White "Brozova, Renata"]
[Black "Bierska, Adela"]
[Result "0-1"]
[WhiteElo "1745"]
[BlackElo "1624"]
[PlyCount "46"]
[EventDate "2017.03.11"]
[EventType "swiss"]
[EventRounds "9"]
[EventCountry "CZE"]
[SourceTitle "CBM 177 Extra"]
[Source "ChessBase"]
[SourceDate "2017.04.27"]
[SourceVersion "1"]
[SourceVersionDate "2017.04.27"]
[SourceQuality "1"]

1. e4 e5 2. Nf3 Nc6 3. Bb5 f5 4. Nc3 fxe4 5. Nxe4 Nf6 6. Qe2 d5 7. Nxe5 dxe4 8. Nxc6 bxc6 9. Bxc6+ Bd7 10. Bxa8 Qxa8 11. d4 Bd6 12. h3 0-0 13. 0-0 Qe8 14. c4 Qg6 15. Qe3 Nh5 16. Qb3 Rf3 17. Qb8+ Kf7 18. Qd8 Nf6 19. Kh1 Bxh3 20. Rg1 Rxf2 21. Qxd6 Bxg2+ 22. Kh2 Qh5+ 23. Kg3 Qf3+ 0-1

[Event "Kouty nad Desnou op-B"]
[Site "Kouty nad Desnou"]
[Date "2017.03.11"]
[Round "1"]
[White "Brozova, Renata"]
[Black "Kanak, Matyas"]
[Result "1-0"]
[WhiteElo "1745"]
[BlackElo "1263"]
[PlyCount "85"]
[EventDate "2017.03.11"]
[EventType "swiss"]
[EventRounds "9"]
[EventCountry "CZE"]
[SourceTitle "CBM 177 Extra"]
[Source "ChessBase"]
[SourceDate "2017.04.27"]
[SourceVersion "1"]
[SourceVersionDate "2017.04.27"]
[SourceQuality "1"]

1. e4 c5 2. c3 Nc6 3. d4 e6 4. Nf3 cxd4 5. cxd4 Bb4+ 6. Nc3 Nf6 7. Bg5 Qa5 8. Bd2 Qc7 9. Bd3 d6 10. 0-0 a6 11. d5 Ne5 12. Qa4+ Bd7 13. Qxb4 Nxd3 14. Qd4 Nc5 15. e5 dxe5 16. Nxe5 0-0 17. d6 Qc8 18. Rac1 b6 19. b4 Nb7 20. Qxb6 Qb8 21. Bg5 Bb5 22. Nxb5 axb5 23. Bxf6 gxf6 24. Nd7 Qa7 25. Qxa7 Rxa7 26. Nxf8 Kxf8 27. Rc7 Ke8 28. Rfc1 Kd8 29. Rxf7 h5 30. h3 f5 31. Rcc7 Ke8 32. Rxb7 Rxb7 33. Rxb7 e5 34. Rxb5 e4 35. Rxf5 Kd7 36. Rd5 h4 37. b5 e3 38. fxe3 Kd8 39. b6 Kd7 40. b7 Kd8 41. b8Q+ Kd7 42. Qc7+ Ke8 43. Qe7# 1-0

[Event "CZE/SVK-chT (Women)"]
[Site "Ricany"]
[Date "2015.06.29"]
[Round "3"]
[White "Suchomelova, Simona"]
[Black "Brozova, Renata"]
[Result "1/2-1/2"]
[WhiteElo "2059"]
[BlackElo "1729"]
[PlyCount "164"]
[EventDate "2015.06.27"]
[EventType "team-tourn"]
[EventRounds "7"]
[EventCountry "CZE"]
[SourceTitle "EXT 2017"]
[Source "ChessBase"]
[SourceDate "2016.10.25"]
[SourceVersion "1"]
[SourceVersionDate "2016.10.25"]
[SourceQuality "1"]

1. e4 c6 2. d4 d5 3. Nc3 dxe4 4. Nxe4 Bf5 5. Ng3 Bg6 6. h4 h6 7. Nf3 Nd7 8. h5 Bh7 9. Bd3 Bxd3 10. Qxd3 e6 11. Bd2 Ngf6 12. 0-0-0 Be7 13. Ne4 Nxe4 14. Qxe4 Nf6 15. Qe2 0-0 16. Kb1 a5 17. g4 Nh7 18. Be3 Bf6 19. Ne5 Bxe5 20. dxe5 Qe7 21. f4 a4 22. Rdg1 a3 23. b3 Rfd8 24. g5 hxg5 25. fxg5 g6 26. Bc1 Rd7 27. hxg6 fxg6 28. Rh6 Qe8 29. Qe4 Rg7 30. Rd1 Qf7 31. Rd6 Nf8 32. Qh4 Rh7 33. Rxh7 Qxh7 34. Qxh7+ Kxh7 35. b4 Kg7 36. Rd3 Ra4 37. c3 b5 38. Kc2 Ra7 39. Kb3 Nd7 40. Bf4 Rb7 41. Rd6 c5 42. Rxe6 c4+ 43. Kxa3 Nb6 44. Rd6 Kf7 45. Kb2 Nc8 46. Rd4 Ke6 47. Rd8 Ne7 48. Rd6+ Kf5 49. Rf6+ Ke4 50. Bg3 Nf5 51. Be1 Rd7 52. Kc1 Ne3 53. Bd2 Nd5 54. Rxg6 Kxe5 55. Rg8 Ne7 56. Rb8 Rd5 57. Re8 Ke6 58. Rb8 Kf5 59. Ra8 Ng6 60. a4 Ne5 61. axb5 Rxb5 62. Ra5 Rb7 63. Be3 Ke4 64. Bd4 Nd3+ 65. Kd2 Rh7 66. Ra8 Rh2+ 67. Kd1 Nb2+ 68. Ke1 Nd3+ 69. Kf1 Kf3 70. Rh8 Ra2 71. Rh3+ Kg4 72. Re3 Kxg5 73. b5 Kf4 74. b6 Rb2 75. Kg1 Rb1+ 76. Kg2 Rb2+ 77. Kg1 Rb1+ 78. Kg2 Rb2+ 79. Kh3 Nf2+ 80. Kh4 Ng4 81. Rh3 Ne5 82. Bxe5+ Kxe5 1/2-1/2

[Event "Morava-ch op"]
[Site "Kouty nad Desnou"]
[Date "2012.10.26"]
[Round "6"]
[White "Folwarczny, Marek"]
[Black "Brozova, Renata"]
[Result "0-1"]
[WhiteElo "1746"]
[BlackElo "1712"]
[PlyCount "60"]
[EventDate "2012.10.24"]
[EventType "swiss"]
[EventRounds "9"]
[EventCountry "CZE"]
[SourceTitle "EXT 2015"]
[Source "ChessBase"]
[SourceDate "2014.11.20"]
[SourceVersion "1"]
[SourceVersionDate "2014.11.20"]
[SourceQuality "1"]

1. e4 e5 2. Nf3 Nc6 3. d4 exd4 4. Bc4 h6 5. 0-0 Bc5 6. c3 dxc3 7. Nxc3 Nge7 8. a3 d6 9. b4 Bb6 10. Qb3 0-0 11. Rd1 Bg4 12. Bb2 Bxf3 13. gxf3 Nd4 14. Qa2 Nxf3+ 15. Kg2 Nh4+ 16. Kf1 Qd7 17. Rd3 Nhg6 18. Ne2 Qg4 19. Re1 Qh4 20. Rg3 Qxh2 21. Rg2 Qh3 22. Ng1 Qh5 23. Qa1 Ne5 24. f4 Qh1 25. fxe5 Bxg1 26. Rg3 Bd4+ 27. Ke2 Qh2+ 28. Kf3 Qxb2 29. Rxg7+ Kxg7 30. Rg1+ Ng6 0-1

[Event "Tabor op"]
[Site "Tabor"]
[Date "2012.07.30"]
[Round "3"]
[White "Krbusik, Marian"]
[Black "Brozova, Renata"]
[Result "1-0"]
[WhiteElo "1969"]
[BlackElo "1676"]
[PlyCount "63"]
[EventDate "2012.07.29"]
[EventType "swiss"]
[EventRounds "9"]
[EventCountry "CZE"]
[SourceTitle "EXT 2013"]
[Source "ChessBase"]
[SourceDate "2012.11.22"]
[SourceVersion "1"]
[SourceVersionDate "2012.11.22"]
[SourceQuality "1"]

1. e4 c6 2. d4 d5 3. exd5 cxd5 4. Bd3 Nc6 5. c3 Nf6 6. Bf4 e6 7. Nf3 Be7 8. 0-0 0-0 9. h3 h6 10. Nbd2 a6 11. Re1 b5 12. a4 b4 13. Qe2 a5 14. Bb5 Qb6 15. Ne5 Nxe5 16. Bxe5 Ba6 17. c4 Bxb5 18. cxb5 Nd7 19. Nb3 Nxe5 20. dxe5 Rac8 21. Rac1 Bg5 22. Rc2 Rfd8 23. Rd1 Rxc2 24. Qxc2 Bh4 25. Nd4 Rd7 26. Qc8+ Rd8 27. Qc6 Qb8 28. Qc2 Rc8 29. Nc6 Bd8 30. Rc1 Rxc6 31. Qxc6 Kf8 32. Qd7 1-0

[Event "CZE/SVK-chT (Women)"]
[Site "Ruzomberok"]
[Date "2012.06.30"]
[Round "1.3"]
[White "Olsarova, Tereza"]
[Black "Brozova, Renata"]
[Result "1-0"]
[WhiteElo "2209"]
[BlackElo "1676"]
[PlyCount "41"]
[EventDate "2012.06.30"]
[EventType "team-tourn"]
[EventRounds "9"]
[EventCountry "SVK"]
[SourceTitle "CBM 149 Extra"]
[Source "ChessBase"]
[SourceDate "2012.08.24"]
[SourceVersion "1"]
[SourceVersionDate "2012.08.24"]
[SourceQuality "1"]
[WhiteTeam "Orlova Slavia (W)"]
[BlackTeam "Svetla nad Sazavou (W)"]
[WhiteTeamCountry "CZE"]
[BlackTeamCountry "CZE"]

1. e4 c6 2. d4 d5 3. Nc3 dxe4 4. Nxe4 Bf5 5. Ng3 Bg6 6. h4 h5 7. Nf3 Nd7 8. Bd3 Bxd3 9. Qxd3 e6 10. Bg5 Be7 11. 0-0 Ngf6 12. Rad1 Qc7 13. Ne5 Nxe5 14. dxe5 Ng4 15. Ne4 Nxe5 16. Qg3 g6 17. Nf6+ Kf8 18. Nd7+ Qxd7 19. Qxe5 f6 20. Bxf6 Qe8 21. Bxh8 1-0

[Event "Kouty nad Desnou op-A"]
[Site "Kouty nad Desnou"]
[Date "2012.03.16"]
[Round "8"]
[White "Kaluzny, Jiri"]
[Black "Brozova, Renata"]
[Result "1-0"]
[WhiteElo "1823"]
[BlackElo "1634"]
[PlyCount "105"]
[EventDate "2012.03.10"]
[EventType "swiss"]
[EventRounds "9"]
[EventCountry "CZE"]
[SourceTitle "EXT 2013"]
[Source "ChessBase"]
[SourceDate "2012.11.22"]
[SourceVersion "1"]
[SourceVersionDate "2012.11.22"]
[SourceQuality "1"]

1. e4 e5 2. Nf3 Nc6 3. Bb5 a6 4. Bxc6 dxc6 5. d4 Bg4 6. dxe5 Qxd1+ 7. Kxd1 0-0-0+ 8. Ke2 Re8 9. Bf4 f6 10. Nbd2 fxe5 11. Bg3 Bd6 12. Rad1 Nf6 13. Rhe1 Nh5 14. Nc4 Nxg3+ 15. hxg3 Bc5 16. Rd3 h5 17. Kf1 Rhf8 18. Re2 Bxf3 19. Rxf3 Rxf3 20. gxf3 h4 21. gxh4 Rh8 22. Nxe5 Rxh4 23. Rd2 Bd6 24. Ng4 Bf4 25. Rd3 Rh1+ 26. Kg2 Rc1 27. Ne3 Re1 28. Kh3 Rg1 29. Ng2 Be5 30. b3 a5 31. f4 Bd6 32. e5 Be7 33. e6 Bd6 34. Rg3 Rh1+ 35. Kg4 Rh6 36. Re3 Kd8 37. f5 Ke7 38. Nh4 Rf6 39. Ng6+ Ke8 40. Rh3 Bf8 41. Rh8 c5 42. e7 Rxg6+ 43. fxg6 Kxe7 44. Kf5 b5 45. Ke5 c6 46. Rxf8 Kxf8 47. Kd6 c4 48. bxc4 bxc4 49. c3 a4 50. Kxc6 Ke7 51. Kc5 Kf6 52. Kxc4 Kxg6 53. Kd5 1-0

[Event "Kouty nad Desnou op-A"]
[Site "Kouty nad Desnou"]
[Date "2012.03.12"]
[Round "4"]
[White "Hatas, Radim"]
[Black "Brozova, Renata"]
[Result "0-1"]
[WhiteElo "1752"]
[BlackElo "1634"]
[PlyCount "48"]
[EventDate "2012.03.10"]
[EventType "swiss"]
[EventRounds "9"]
[EventCountry "CZE"]
[SourceTitle "EXT 2013"]
[Source "ChessBase"]
[SourceDate "2012.11.22"]
[SourceVersion "1"]
[SourceVersionDate "2012.11.22"]
[SourceQuality "1"]

1. e4 b6 2. d4 e6 3. g3 Bb7 4. Bg2 Nf6 5. Nc3 Bb4 6. Nge2 Bxe4 7. Bxe4 Nxe4 8. 0-0 Nxc3 9. bxc3 Be7 10. Bf4 d5 11. Qd3 Nd7 12. Rae1 0-0 13. Kg2 c5 14. c4 dxc4 15. Qxc4 cxd4 16. Nxd4 Rc8 17. Qb3 Nc5 18. Qe3 Bf6 19. Rd1 Qd5+ 20. Nf3 Qe4 21. Qa3 Qb7 22. Kg1 Rfd8 23. Rb1 Ne4 24. Ne1 Nc3 0-1

[Event "CZE/SVK-chT (Women)"]
[Site "Orlova"]
[Date "2011.06.19"]
[Round "7"]
[White "Zemkova, Klara"]
[Black "Brozova, Renata"]
[Result "1/2-1/2"]
[WhiteElo "1511"]
[BlackElo "1596"]
[PlyCount "108"]
[EventDate "2011.06.16"]
[EventType "team-tourn"]
[EventRounds "7"]
[EventCountry "CZE"]
[SourceTitle "CBM 142 Extra"]
[Source "ChessBase"]
[SourceDate "2011.06.27"]
[SourceVersion "1"]
[SourceVersionDate "2011.06.27"]
[SourceQuality "1"]
[WhiteTeam "Frydek Mistek (W) II"]
[BlackTeam "Svetla nad Sazavou (W)"]
[WhiteTeamCountry "CZE"]
[BlackTeamCountry "CZE"]

1. e4 c6 2. d4 d5 3. Nc3 dxe4 4. Nxe4 Bf5 5. Ng3 Bg6 6. Nf3 e6 7. h4 h6 8. h5 Bh7 9. Bd3 Bxd3 10. Qxd3 Nf6 11. Bf4 Be7 12. 0-0-0 Nbd7 13. Ne4 Nxe4 14. Qxe4 Nf6 15. Qd3 Qa5 16. Kb1 Ng4 17. Bg3 0-0-0 18. Qe4 Nf6 19. Qf4 Bd6 20. Ne5 Rhf8 21. Qf3 Qd5 22. Qxd5 exd5 23. f3 Rde8 24. Bh2 Re6 25. g4 Nd7 26. f4 Nxe5 27. dxe5 Bc7 28. Rde1 Rfe8 29. Re2 Kd7 30. Rhe1 R6e7 31. Kc1 f6 32. Kd2 fxe5 33. fxe5 Ke6 34. Rf2 Ba5+ 35. c3 d4 36. b4 dxc3+ 37. Kxc3 Bb6 38. Rd2 Rd7 39. Rd6+ Rxd6 40. exd6+ Kd7 41. Rxe8 Kxe8 42. Be5 Kf7 43. Bf4 Ke6 44. Kc4 a6 45. a4 Bd8 46. b5 axb5+ 47. axb5 Bb6 48. bxc6 bxc6 49. Bg3 Be3 50. Bh2 Bc1 51. Kc5 Kd7 52. Kb4 Bb2 53. Kb3 Bf6 54. Kc4 Ke6 1/2-1/2

[Event "CZE/SVK-chT (Women)"]
[Site "Orlova"]
[Date "2011.06.16"]
[Round "2"]
[White "Brozova, Renata"]
[Black "Edes, Zsofia"]
[Result "0-1"]
[WhiteElo "1596"]
[BlackElo "2043"]
[PlyCount "58"]
[EventDate "2011.06.16"]
[EventType "team-tourn"]
[EventRounds "7"]
[EventCountry "CZE"]
[SourceTitle "CBM 142 Extra"]
[Source "ChessBase"]
[SourceDate "2011.06.27"]
[SourceVersion "1"]
[SourceVersionDate "2011.06.27"]
[SourceQuality "1"]
[WhiteTeam "Svetla nad Sazavou (W)"]
[BlackTeam "Komarno (W)"]
[WhiteTeamCountry "CZE"]
[BlackTeamCountry "SVK"]

1. e4 c5 2. c3 d5 3. exd5 Qxd5 4. d4 Nf6 5. Nf3 Bg4 6. Be2 e6 7. 0-0 Nc6 8. Be3 cxd4 9. cxd4 Be7 10. Nc3 Qd6 11. Rc1 0-0 12. Qd2 a6 13. Rfe1 Rac8 14. h3 Bh5 15. Bd1 Rfd8 16. Bf4 Qb4 17. a3 Qa5 18. g4 Bg6 19. b4 Qxa3 20. b5 Na5 21. bxa6 bxa6 22. Be2 Nb3 23. Qe3 Nxc1 24. Rxc1 Bb4 25. Nd1 Rxc1 26. Qxc1 Qxc1 27. Bxc1 a5 28. Nb2 Ba3 29. Kf1 Rc8 0-1

[Event "Kouty nad Desnou op-B"]
[Site "Kouty nad Desnou"]
[Date "2011.03.19"]
[Round "9"]
[White "Brozova, Renata"]
[Black "Bures, Michael"]
[Result "1-0"]
[WhiteElo "1684"]
[BlackElo "1553"]
[PlyCount "131"]
[EventDate "2011.03.12"]
[EventType "swiss"]
[EventRounds "9"]
[EventCountry "CZE"]
[SourceTitle "EXT 2014"]
[Source "ChessBase"]
[SourceDate "2013.11.20"]
[SourceVersion "1"]
[SourceVersionDate "2013.11.20"]
[SourceQuality "1"]

1. e4 d5 2. exd5 Qxd5 3. Nf3 Nf6 4. b3 Bg4 5. Be2 c6 6. 0-0 Nbd7 7. Bb2 e6 8. c4 Qa5 9. d4 Qc7 10. Nc3 Bd6 11. h3 Bf5 12. Bd3 Bxd3 13. Qxd3 h6 14. d5 Nc5 15. Qe2 0-0-0 16. b4 Na6 17. c5 Bf8 18. dxe6 Re8 19. Qc4 Rxe6 20. Rfe1 Rxe1+ 21. Rxe1 Qd8 22. a3 Qd7 23. Ne4 Nxe4 24. Qxe4 f6 25. Nh4 Nc7 26. Ng6 Rg8 27. Bc1 f5 28. Qe5 Qf7 29. Bf4 a6 30. Rd1 a5 31. Qd4 Nd5 32. Ne5 Qf6 33. Nc4 Qxd4 34. Rxd4 axb4 35. axb4 g5 36. Bd6 f4 37. Re4 Bxd6 38. Nxd6+ Kc7 39. Kf1 b6 40. Nf5 h5 41. Ne7 Rg7 42. Nxd5+ cxd5 43. Re5 bxc5 44. Rxd5 cxb4 45. Rb5 Kd6 46. Rxb4 h4 47. Ke2 Ke5 48. Kf3 Kf5 49. Rb5+ Kg6 50. Kg4 Kh6 51. Rb6+ Rg6 52. Rb8 Rg7 53. Kf5 Rf7+ 54. Ke6 Kg6 55. Rg8+ Rg7 56. Rf8 Kh6 57. Kf6 Rg6+ 58. Kf5 Kh5 59. Rh8+ Rh6 60. Rg8 Rh7 61. Rxg5+ Kh6 62. Kxf4 Ra7 63. Re5 Ra4+ 64. Kf3 Ra6 65. Re4 Kh5 66. g3 1-0

[Event "Kouty nad Desnou op-B"]
[Site "Kouty nad Desnou"]
[Date "2011.03.18"]
[Round "8"]
[White "Horak, Ales"]
[Black "Brozova, Renata"]
[Result "1-0"]
[WhiteElo "1523"]
[BlackElo "1684"]
[PlyCount "89"]
[EventDate "2011.03.12"]
[EventType "swiss"]
[EventRounds "9"]
[EventCountry "CZE"]
[SourceTitle "EXT 2014"]
[Source "ChessBase"]
[SourceDate "2013.11.20"]
[SourceVersion "1"]
[SourceVersionDate "2013.11.20"]
[SourceQuality "1"]

1. e4 d6 2. d4 Nd7 3. Nf3 e5 4. dxe5 dxe5 5. Bc4 Be7 6. Qd5 Bb4+ 7. c3 Qe7 8. cxb4 Ngf6 9. Qd3 Qxb4+ 10. Nc3 Nc5 11. Qe2 Nfxe4 12. 0-0 Nxc3 13. Qxe5+ Be6 14. Bxe6 Nxe6 15. Qxc3 Qd6 16. Be3 0-0 17. Rfd1 Qe7 18. Nd4 c6 19. Nxe6 Qxe6 20. Re1 Qg6 21. Rad1 h5 22. Bc5 Rfc8 23. Qg3 Qxg3 24. hxg3 Re8 25. Rxe8+ Rxe8 26. Be3 a5 27. Rd7 b5 28. Rd6 Rc8 29. a3 a4 30. Bb6 c5 31. Rd8+ Rxd8 32. Bxd8 f6 33. Bb6 c4 34. Kf1 Kf7 35. Ke2 Ke6 36. Kd2 g5 37. Kc3 f5 38. Kb4 f4 39. gxf4 gxf4 40. Kxb5 h4 41. Kxa4 f3 42. gxf3 Kd6 43. Ba7 Kd5 44. Kb4 h3 45. Bb8 1-0

[Event "Kouty nad Desnou op-B"]
[Site "Kouty nad Desnou"]
[Date "2011.03.16"]
[Round "6"]
[White "Brozova, Renata"]
[Black "Stefanik, Richard"]
[Result "1-0"]
[WhiteElo "1684"]
[BlackElo "1641"]
[PlyCount "131"]
[EventDate "2011.03.12"]
[EventType "swiss"]
[EventRounds "9"]
[EventCountry "CZE"]
[SourceTitle "EXT 2014"]
[Source "ChessBase"]
[SourceDate "2013.11.20"]
[SourceVersion "1"]
[SourceVersionDate "2013.11.20"]
[SourceQuality "1"]

1. e4 e5 2. Nf3 Nc6 3. Bb5 a6 4. Bxc6 dxc6 5. d4 exd4 6. Qxd4 Qxd4 7. Nxd4 Nf6 8. f3 h6 9. Nc3 Bc5 10. Nb3 Ba7 11. Bf4 Bb6 12. Na4 Nd7 13. Nxb6 cxb6 14. Bd6 f6 15. 0-0 Kf7 16. Rae1 Re8 17. f4 Kg8 18. e5 fxe5 19. fxe5 Nf8 20. Bc7 b5 21. Nc5 Ne6 22. Nxe6 Bxe6 23. Bd6 Rac8 24. Re3 c5 25. a3 b4 26. axb4 cxb4 27. Rc1 Bf5 28. c3 bxc3 29. Rcxc3 Rxc3 30. bxc3 Be6 31. Kf2 Rc8 32. Ke2 Bc4+ 33. Kd2 Be6 34. Kc2 Rc4 35. Rf3 Bf7 36. Re3 Be6 37. h3 Ra4 38. g4 Rc4 39. Rf3 Bf7 40. Kd3 b5 41. Re3 Be6 42. Bb4 Rc6 43. Rf3 Bf7 44. Ke4 Rc4+ 45. Kf5 Rc6 46. Bd6 Bd5 47. Re3 Bb3 48. h4 Bc4 49. g5 hxg5 50. Kxg5 Be6 51. Rf3 Rc4 52. Rg3 Kh7 53. h5 Re4 54. h6 gxh6+ 55. Kf6 Bc4 56. Rg7+ Kh8 57. Ra7 Rf4+ 58. Kg6 Rh4 59. Ra8+ Bg8 60. e6 Rg4+ 61. Kxh6 Rh4+ 62. Kg6 Rg4+ 63. Kf5 Rg7 64. Be5 Kh7 65. Bxg7 Kxg7 66. e7 1-0

[Event "Kouty nad Desnou op-B"]
[Site "Kouty nad Desnou"]
[Date "2011.03.15"]
[Round "5"]
[White "Brozova, Renata"]
[Black "Jandl, Vojtech"]
[Result "1-0"]
[WhiteElo "1684"]
[BlackElo "1626"]
[PlyCount "69"]
[EventDate "2011.03.12"]
[EventType "swiss"]
[EventRounds "9"]
[EventCountry "CZE"]
[SourceTitle "EXT 2014"]
[Source "ChessBase"]
[SourceDate "2013.11.20"]
[SourceVersion "1"]
[SourceVersionDate "2013.11.20"]
[SourceQuality "1"]

1. e4 c5 2. c3 d5 3. exd5 Qxd5 4. d4 e5 5. dxe5 Qxd1+ 6. Kxd1 Nc6 7. Bb5 Bf5 8. Bxc6+ bxc6 9. Be3 0-0-0+ 10. Kc1 Be7 11. Nf3 Kb7 12. Nbd2 Be6 13. Ne4 Bd5 14. Nxc5+ Bxc5 15. Bxc5 Bxf3 16. gxf3 Nh6 17. Kc2 Rd5 18. Bd4 Nf5 19. Rad1 c5 20. Be3 Nxe3+ 21. fxe3 Rxe5 22. e4 Kc6 23. Rd2 Rhe8 24. Rhd1 R5e6 25. Rd7 R8e7 26. Rxe7 Rxe7 27. Rg1 g6 28. Rg5 h6 29. Rd5 f5 30. Kd3 fxe4+ 31. fxe4 Re6 32. Ke3 g5 33. Rd8 h5 34. Rg8 g4 35. Rh8 1-0

[Event "Kouty nad Desnou op-B"]
[Site "Kouty nad Desnou"]
[Date "2011.03.14"]
[Round "4"]
[White "Vesely, Libor"]
[Black "Brozova, Renata"]
[Result "0-1"]
[WhiteElo "1481"]
[BlackElo "1684"]
[PlyCount "82"]
[EventDate "2011.03.12"]
[EventType "swiss"]
[EventRounds "9"]
[EventCountry "CZE"]
[SourceTitle "EXT 2014"]
[Source "ChessBase"]
[SourceDate "2013.11.20"]
[SourceVersion "1"]
[SourceVersionDate "2013.11.20"]
[SourceQuality "1"]

1. c4 e5 2. Nc3 Nc6 3. d3 Bc5 4. e3 Nf6 5. Nge2 0-0 6. g3 d5 7. cxd5 Nxd5 8. Bg2 Ncb4 9. d4 exd4 10. exd4 Bb6 11. 0-0 Be6 12. a3 Nc6 13. Qd3 Qd7 14. Be3 Nce7 15. Nf4 Nxf4 16. Bxf4 Bxd4 17. Bxb7 Bxf2+ 18. Rxf2 Qxd3 19. Bxa8 Rxa8 20. Rd1 Qc4 21. Re2 Nd5 22. Red2 c6 23. Rd4 Qc5 24. Kh1 h6 25. Ne2 Nxf4 26. Nxf4 Rb8 27. R4d2 Bg4 28. Rf1 Qe3 29. Rdf2 Qe4+ 30. Kg1 g5 31. h3 gxf4 32. hxg4 Rb3 33. Rxf4 Qe3+ 34. R4f2 Qxg3+ 35. Rg2 Qh4 36. Rff2 Rh3 37. Kf1 Rh1+ 38. Ke2 Qe7+ 39. Kd2 Re1 40. g5 Qe3+ 41. Kc2 Rc1# 0-1

[Event "Kouty nad Desnou op-B"]
[Site "Kouty nad Desnou"]
[Date "2011.03.13"]
[Round "2"]
[White "Zuziak, Petr"]
[Black "Brozova, Renata"]
[Result "1-0"]
[WhiteElo "1510"]
[BlackElo "1684"]
[PlyCount "103"]
[EventDate "2011.03.12"]
[EventType "swiss"]
[EventRounds "9"]
[EventCountry "CZE"]
[SourceTitle "EXT 2014"]
[Source "ChessBase"]
[SourceDate "2013.11.20"]
[SourceVersion "1"]
[SourceVersionDate "2013.11.20"]
[SourceQuality "1"]

1. Nf3 Nf6 2. g3 g6 3. b3 d6 4. Bb2 Bg7 5. Bg2 0-0 6. 0-0 e5 7. d3 Nc6 8. Nbd2 Be6 9. e4 Qd7 10. Ng5 a5 11. Nxe6 fxe6 12. Nf3 a4 13. Qe2 b5 14. Bh3 Bh6 15. Bc1 Bxc1 16. Raxc1 Nd4 17. Nxd4 exd4 18. f4 Qe7 19. e5 dxe5 20. Qxe5 axb3 21. axb3 c5 22. Qxe6+ Qxe6 23. Bxe6+ Kg7 24. h3 Rfe8 25. Rfe1 Re7 26. Bg4 Rae8 27. Kf2 Rxe1 28. Rxe1 Rxe1 29. Kxe1 Nd5 30. Bd7 b4 31. f5 gxf5 32. Bxf5 Ne3 33. g4 Nxc2+ 34. Kd2 Na1 35. Be6 h5 36. gxh5 Kh6 37. Kc1 Kxh5 38. Kb2 Kh4 39. Kxa1 Kg3 40. Kb2 Kf4 41. Kc2 Ke5 42. Bc4 Kf5 43. Kd2 Kf4 44. Ke2 Kg3 45. Be6 Kf4 46. Kf2 Ke5 47. Bc4 Kf4 48. Kg2 Ke5 49. Kf3 Kf5 50. h4 Kg6 51. Ke4 Kh5 52. Kd5 1-0

[Event "Kouty nad Desnou op-B"]
[Site "Kouty nad Desnou"]
[Date "2010.03.06"]
[Round "1"]
[White "Ramik, Dominik"]
[Black "Brozova, Renata"]
[Result "0-1"]
[WhiteElo "1423"]
[BlackElo "1596"]
[PlyCount "46"]
[EventDate "2010.03.06"]
[EventType "swiss"]
[EventRounds "9"]
[EventCountry "CZE"]
[SourceTitle "EXT 2012"]
[Source "ChessBase"]
[SourceDate "2011.11.24"]
[SourceVersion "1"]
[SourceVersionDate "2011.11.24"]
[SourceQuality "1"]

1. e4 c6 2. d4 d5 3. exd5 cxd5 4. Nc3 Bf5 5. Qe2 e6 6. g3 Nf6 7. Bg2 Nc6 8. Nf3 Be7 9. Nh4 Nxd4 10. Qf1 Nxc2+ 11. Kd1 Nxa1 12. Nxf5 exf5 13. Qd3 Ne4 14. Qb5+ Qd7 15. Bxe4 dxe4+ 16. Bd2 Rd8 17. Qe2 Qd3 18. Qe1 Nc2 19. Qe2 Qxe2+ 20. Kxe2 Bb4 21. Rd1 0-0 22. Nxe4 fxe4 23. Bxb4 Nxb4 0-1